000 00434nab a2200145Ia 4500
003 ES-SlBCS
005 20210601125249.0
008 140529s1986 xxu||||| |||| 00| 0 eng d
041 _aeng
100 1 _aCherry, Christopher
_9151373
245 0 0 _aMine and Mattering
_c Christopher Cherry
650 0 4 _aEpistemología
_986254
773 0 _tPhilosophy and Phenomenological Research
_gvol. 47, 1986, págs. 297-304
_wRev1411
942 _cAR
999 _c527482
_d527482